| 000 | 00488nam a2200157Ia 4500 | ||
|---|---|---|---|
| 008 | 150610s9999 xx 000 0 und d | ||
| 020 | _a9780199134137 | ||
| 050 |
_aHB 171.5 _b .M938 2000 |
||
| 100 | _aMoynihan, Dan | ||
| 245 |
_aEconomics : _ba complete course / _cDan Moynihan, Brian Titley. |
||
| 250 | _a3rd ed. | ||
| 260 |
_aNew York : _bOxford University Press, _c2000. |
||
| 300 |
_a439pages : _billustrations ; _c26 cm. |
||
| 504 | _aIncludes index. | ||
| 520 | _aEconomics. | ||
| 999 |
_c288220 _d288220 |
||